Housing, labour mobility and unemployment (Record no. 3247)

MARC details
000 -LEADER
fixed length control field 01309cab a2200289 4500
001 - CONTROL NUMBER
control field ABS37597
008 - FIXED-LENGTH DATA ELEMENTS--GENERAL INFORMATION
fixed length control field 090401t1987 xxu||||| |||| 00| 0 eng d
035 ## - SYSTEM CONTROL NUMBER
System control number (Sirsi) u5457
041 ## - LANGUAGE CODE
Language code of text/sound track or separate title eng
100 ## - MAIN ENTRY--PERSONAL NAME
Personal name Champion, T.
245 ## - TITLE STATEMENT
Title Housing, labour mobility and unemployment
260 ## - PUBLICATION, DISTRIBUTION, ETC.
Date of publication, distribution, etc. 1987
350 ## - PRICE (NR) (BK AM CF MU VM SE) [OBSOLETE]
Price 0
490 ## - SERIES STATEMENT
Series statement Planner
Volume/sequential designation 73(4) April 1987, 11-17(6)
520 ## - SUMMARY, ETC.
Summary, etc. Examines the threat posed to labour mobility by problems in the housing market and the extent that policies designed to promote labour mobility and reduce housing shortages can contribute to reducing unemployment. This commences by examining the interaction between unemployment and migration and considers the policy initiatives which attempt to lower the barriers to migration. Concludes, that inflexibilities in the housing market form a major obstacle to labour mobility and that none of the three major categories of housing tenure offer a satisfactory solution to the problem. Tables, map, references.
650 ## - SUBJECT ADDED ENTRY--TOPICAL TERM
Topical term or geographic name entry element HOME OWNERSHIP
650 ## - SUBJECT ADDED ENTRY--TOPICAL TERM
Topical term or geographic name entry element HOUSING
650 ## - SUBJECT ADDED ENTRY--TOPICAL TERM
Topical term or geographic name entry element JOB MOBILITY
650 ## - SUBJECT ADDED ENTRY--TOPICAL TERM
Topical term or geographic name entry element LABOUR MIGRATION
650 ## - SUBJECT ADDED ENTRY--TOPICAL TERM
Topical term or geographic name entry element NATIONAL MOBILITY SCHEME
650 ## - SUBJECT ADDED ENTRY--TOPICAL TERM
Topical term or geographic name entry element TENANTS EXCHANGE SCHEME
690 ## - LOCAL SUBJECT ADDED ENTRY--TOPICAL TERM (OCLC, RLIN)
Topical term or geographic name as entry element ECONOMIC AND SOCIAL
700 ## - ADDED ENTRY--PERSONAL NAME
Personal name Green, A.
700 ## - ADDED ENTRY--PERSONAL NAME
Personal name Owen, D.
942 ## - ADDED ENTRY ELEMENTS (KOHA)
Suppress in OPAC 0
948 ## - LOCAL PROCESSING INFORMATION (OCLC); SERIES PART DESIGNATOR (RLIN)
c (OCLC) 04/03/1997
Holdings
Withdrawn status Lost status Source of classification or shelving scheme Damaged status Not for loan Home library Current library Shelving location Date acquired Total Checkouts Full call number Barcode Date last seen Copy number Price effective from Koha item type
    Dewey Decimal Classification     London London Journal article 14/09/1999   ABS37597 5457-1001 06/08/2019 1 06/08/2019 Journal article